00454nam a2200181 a 4500001001300000003000900013005001700022008004100039020001000080082001700090100002900107245002800136260003200164300000900196500003500205505001300240650001900253nice12345678IN_TiNIC20260116011928.0050524s1950 kara grp 000 0 per  ac10000a891.51bATT2 aAttar, Shaikh Fariduddin aMasnavi Mazhar-Ul-Ajaib aKarachibPanah Manzilc1950 a391p aincludes index and biblioraphy2 aappendix aPersian Poetry